Flaggen Quiz Mix 3 - Statistiken

Allgemein
  • Dieses Quiz wurde 77 mal gespielt
  • Das Durchschnittsergebnis liegt bei 11 aus 16
Antwortstatistiken
Bildquiz Antwort % Korrekt
Ukraine
100%
Russland
97%
Indonesien
84%
Marokko
84%
Kasachstan
79%
Pakistan
79%
Algerien
76%
Andorra
72%
Dominikanische Republik
66%
El Salvador
66%
Niger
63%
Togo
59%
Kiribati
54%
Mikronesien
50%
Guyana
43%
Kleinere Inselbesitzungen der Vereinigten Staaten
6%
Keine übereinstimmenden Quizze gefunden
Verteilung der Resultate
Anzahl Personen mit jedem Resultat
Perzentil nach korrekt beantworteten Fragen
Ihre Resultats-Entwicklung
Sie haben dieses Quiz noch nicht gespielt